Κατάλογος Βιβλιοθηκών Mediterranean College

Το βιβλίο της Python / (Record no. 9863)

MARC details
000 -LEADER
fixed length control field 04045nam a22002177a 4500
005 - ΗΜΕΡΟΜΗΝΙΑ ΚΑΙ ΩΡΑ ΤΕΛΕΥΤΑΙΑΣ ΕΝΗΜΕΡΩΣΗΣ
Πεδίο ελέγχου 20250804140916.0
006 - FIXED-LENGTH DATA ELEMENTS--ADDITIONAL MATERIAL CHARACTERISTICS
Πεδίο ελέγχου σταθερού μήκους a|||||r|||||||||||
008 - FIXED-LENGTH DATA ELEMENTS--GENERAL INFORMATION
Πεδίο ελέγχου σταθερού μήκους 250804b |||||||f |||| 00| 0 eng d
020 ## - ISBN
ISBN 9789605863128
040 ## - ΠΗΓΗ ΚΑΤΑΛΟΓΟΓΡΑΦΗΣΗΣ
Γλώσσα καταλογογράφησης Ελληνικά, Μοντέρνα (1453-)
Φορέας πρωτότυπης καταλογογράφησης MC Athens Campus Library
Modifying agency MC Athens Campus Library
Κανόνες περιγραφικής καταλογογράφησης AACR2
245 03 - ΤΙΤΛΟΣ ΚΑΙ ΔΗΛΩΣΗ ΥΠΕΥΘΥΝΟΤΗΤΑΣ
Τίτλος Το βιβλίο της Python /
Statement of responsibility, etc. Νικόλαος Σαμαράς, Κωνσταντίνος Τσιλπίδης
250 ## - EDITION STATEMENT
Edition statement
260 ## - PUBLICATION, DISTRIBUTION, ETC.
Place of publication, distribution, etc. Αθήνα :
Name of publisher, distributor, etc. Κριτική,
Date of publication, distribution, etc. 2019
520 ## - SUMMARY, ETC.
Summary, etc. Το "Βιβλίο της Python" είναι ένα πλήρες εγχειρίδιο αναφοράς για την εκμάθηση της γλώσσας. Ξεκινάει από τα πιο βασικά στοιχεία που χρειάζεται να μάθει κάποιος ο οποίος ασχολείται για πρώτη φορά με τον προγραμματισμό και προχωράει σε βάθος, σε κάθε πτυχή της γλώσσας και σε πιο σύνθετες προγραμματιστικές τεχνικές που θα καλύψουν ακόμα και τους πιο προχωρημένους και απαιτητικούς αναγνώστες. Το υλικό του βιβλίου δίνεται μέσα από απλές και εύκολα κατανοητές περιγραφές που καλύπτουν τις ιδιαιτερότητες και τα χαρακτηριστικά της Python. Με περισσότερα από 140 ολοκληρωμένα παραδείγματα, υποδειγματικά λυμένα, που συνοδεύονται με αναλυτικές περιγραφές και σχολιασμό, ο αναγνώστης έχει τη δυνατότητα να κατανοήσει και να εφαρμόσει τις δομές και τα ιδιαίτερα γνωρίσματα της γλώσσας. Με πάνω από 350 λίστες κώδικα με τη μορφή προγραμμάτων, παρουσιάζονται οι λειτουργίες της γλώσσας, καθώς και οι λύσεις των παραδειγμάτων με επεξηγηματικά σχόλια και περιγραφές, ενώ η βαθμιαία κλιμάκωση της πολυπλοκότητας των προβλημάτων που επιλύονται θα βοηθήσει στην εκμάθηση και συνδυαστική χρήση των διαφορετικών δομών της γλώσσας. Ο κώδικας που παρουσιάζεται είναι διαθέσιμος και σε ηλεκτρονική μορφή για την άμεση χρήση και δοκιμή του στην πράξη. Την ύλη συνοδεύουν περισσότερες από 60 εικόνες με σχηματικές απεικονίσεις και αναπαραστάσεις δομών, ενώ οι 30 και πλέον αναλυτικοί πίνακες παρουσιάζουν και περιγράφουν με λεπτομέρεια και με κατάλληλα παραδείγματα τη λειτουργία πολύπλοκων στοιχείων της γλώσσας. Για την εμπέδωση της ύλης και την κατανόηση των δομών της Python δίνονται για εξάσκηση περισσότερες από 400 προγραμματιστικές ασκήσεις και ερωτήσεις κατανόησης και επανάληψης, οργανωμένες ανά κεφάλαιο. Διατίθενται ακόμη αναλυτικά ευρετήρια πινάκων, εικόνων και κώδικα, καθώς και ερμηνευτικό γλωσσάρι ορολογίας.
650 #0 - SUBJECT ADDED ENTRY--TOPICAL TERM
Topical term or geographic name entry element Πληροφορική
9 (RLIN) 9850
650 #0 - SUBJECT ADDED ENTRY--TOPICAL TERM
Topical term or geographic name entry element Python (Γλώσσα προγραμματισμού)
9 (RLIN) 9934
700 ## - ΠΡΟΣΘΕΤΗ ΑΝΑΓΡΑΦΗ--ΦΥΣΙΚΟ ΠΡΟΣΩΠΟ
Personal name Σαμαράς, Νικόλαος
9 (RLIN) 9935
700 ## - ΠΡΟΣΘΕΤΗ ΑΝΑΓΡΑΦΗ--ΦΥΣΙΚΟ ΠΡΟΣΩΠΟ
Personal name Τσιπλίδης, Κωνσταντίνος
9 (RLIN) 9936
942 ## - ADDED ENTRY ELEMENTS (KOHA)
Koha item type Books
Holdings
Τύπος τεκμηρίου Βιβλιοθήκη Τρέχουσα τοποθεσία Barcode Αριθμός εισαγωγής Ημερομηνία απόκτησης Ταξιθετικό σύμβολο Αριθμός αντιτύπου Κατάσταση απόσυρσης Κατάσταση χαμένου Κατάσταση κατεστραμμένου Μη δανεισμός Σύνολο δανεισμών Ημερομηνία τελευταίας εμφάνισης Η τιμή ισχύει από
Books MC Athens Campus Library MC Athens Campus Library 9780000098351 8045 04/08/2025 005.133 ΣΑΜ 1           04/08/2025 04/08/2025
Books MC Thessaloniki Campus Library MC Thessaloniki Campus Library 9780000099891   12/12/2025 005.133 ΣΑΜ 1           12/12/2025 12/12/2025

MC Athens Campus Library
Πατησίων 94 & Κοδριγκτώνος 13, 104 34
Πελλήνης 8 & Πατησίων 107, 112 51
Τ: +30 210 8899600

MC Thessaloniki Campus Library
Ίωνος Δραγούμη 21, 54625 | Ίωνος Δραγούμη 15, 54625
Τ: +30 2310 287779 – Τ: +30 2314 440300